000
00293cam a2200109ua 4500
082
_a
828.09
_b
MCC/EI
100
_a
Mcccutchean, Roger P .
_9
1924
245
_a
Eighteenth Century English Literature /
260
_a
London :
_b
Oxford University Press ,
_c
1958.
300
_a
180 ; .
942
_c
BK
999
_c
12249
_d
12249